ARRUPE JESUIT UNIVERSITY

CORONAVIRUS -STOP THE SPREAD - CLEAN,DISINFECT,COVER

Europe after De Gaulle: (Record no. 131434)

MARC details
000 -LEADER
fixed length control field 00885cam a2200289 4500
001 - CONTROL NUMBER
control field 2713775
003 - CONTROL NUMBER IDENTIFIER
control field ARRUPE
005 - DATE AND TIME OF LATEST TRANSACTION
control field 20220517093746.0
008 - FIXED-LENGTH DATA ELEMENTS--GENERAL INFORMATION
fixed length control field 691121s1969 enk b 000 0 eng
010 ## - LIBRARY OF CONGRESS CONTROL NUMBER
LC control number 76428387
015 ## - NATIONAL BIBLIOGRAPHY NUMBER
National bibliography number B69-18436
040 ## - CATALOGING SOURCE
Original cataloging agency DLC
Transcribing agency DLC
Modifying agency DLC
050 00 - LIBRARY OF CONGRESS CALL NUMBER
Classification number D1060
Item number .P498
082 00 - DEWEY DECIMAL CLASSIFICATION NUMBER
Classification number 321/.02/094
300 ## - PHYSICAL DESCRIPTION
Dimensions 18 cm.
100 1# - MAIN ENTRY--PERSONAL NAME
Personal name Pinder, John.
9 (RLIN) 51608
245 10 - TITLE STATEMENT
Title Europe after De Gaulle:
Remainder of title towards the United States of Europe
Statement of responsibility, etc [by] John Pinder and Roy Pryce.
260 ## - PUBLICATION, DISTRIBUTION, ETC. (IMPRINT)
Place of publication, distribution, etc Harmondsworth,
Name of publisher, distributor, etc Penguin,
Date of publication, distribution, etc 1969.
300 ## - PHYSICAL DESCRIPTION
Extent 191 p.
350 ## - PRICE (NR) (BK AM CF MU VM SE) [OBSOLETE]
Price 6/-
490 0# - SERIES STATEMENT
Series statement Penguin special
504 ## - BIBLIOGRAPHY, ETC. NOTE
Bibliography, etc Bibliographical footnotes.
650 #0 - SUBJECT ADDED ENTRY--TOPICAL TERM
Topical term or geographic name as entry element European federation.
9 (RLIN) 23515
651 #0 - SUBJECT ADDED ENTRY--GEOGRAPHIC NAME
Geographic name Europe
General subdivision Politics and government
Chronological subdivision 1945-
9 (RLIN) 51609
700 1# - ADDED ENTRY--PERSONAL NAME
Personal name Pryce, Roy,
Relator term joint author.
9 (RLIN) 51610
906 ## - LOCAL DATA ELEMENT F, LDF (RLIN)
a 7
b cbc
c orignew
d u
e ncip
f 19
g y-gencatlg
942 ## - ADDED ENTRY ELEMENTS (KOHA)
Source of classification or shelving scheme Library of Congress Classification
Koha item type Monograph ( Printed materials)
Holdings
Withdrawn status Lost status Source of classification or shelving scheme Damaged status Not for loan Collection code Home library Current library Shelving location Date acquired Total Checkouts Full call number Barcode Date last seen Price effective from Koha item type
    Library of Congress Classification     Main Collection ARRUPE LIBRARY ARRUPE LIBRARY Main Collection 17/05/2022   D1060 .P498 46600008542 17/05/2022 17/05/2022 Monograph ( Printed materials)

 

Arrupe Library. PO Box MP320 Mt Pleasant, Harare, Zimbabwe
263 242 745411|librarian@aju.ac.zw